Statistiques concernant Laisse Béton (Renaud) - Paroles

Cliquez ici pour prendre le quiz!

Statistiques générales

  • Ce quiz a été pris 1 021 fois
  • Le résultat moyen est 268 sur 355

Statistiques - réponses

Paroles% Correct
à
100%
a
100%
A
100%
L'
99%
l'
99%
J'
98%
j'
98%
"T'
98%
t'
98%
T'
98%
d'
97%
S'
96%
un
96%
Je
95%
je
95%
le
95%
Le
95%
m'a
94%
ma
94%
Y
94%
y
94%
ai
93%
La
93%
la
93%
bar
92%
es
92%
Il
92%
il
92%
dans
91%
de
91%
est
91%
me
91%
au
90%
Et
90%
et
90%
'ui
90%
en
89%
lui
89%
mon
89%
ça
88%
ça :
88%
une
88%
Accoudé
87%
béton"
87%
commandé
87%
entré
87%
"Laisse
87%
tranquille
87%
type
87%
j'étais
86%
J'étais
86%
filé
84%
as
83%
te
83%
beurre
82%
comptoir
82%
jambon-
82%
blouson"
81%
blouson.
81%
blouson
81%
bottes
81%
moi
80%
Moi
80%
qu'
80%
sa
80%
des
79%
peinard
79%
café
77%
châtaigne
76%
flipper
76%
noir
76%
pas
76%
pote,
76%
regardé
76%
ta
76%
dis :
75%
Elles
75%
beigne,
73%
beigne
73%
c'est
72%
C'est
72%
comme
72%
du
71%
bottent.
70%
les
70%
mes
70%
faire
68%
tes
68%
tour
68%
Viens
68%
s'est
67%
sur
67%
Sur
67%
approché
66%
d'un
64%
marron
64%
mandale
63%
Pis
63%
air
62%
coups
61%
groles.
61%
que
61%
Que
61%
rigolo
61%
bidon,
60%
torgnolle
60%
grands
59%
histoire
58%
Histoire
58%
santiags
58%
ruelle
57%
vrai
57%
mecton,
56%
Opinel
56%
jean
55%
moto
55%
parie
55%
terrain
55%
vague
55%
baston"
54%
montrerai
54%
Quand
54%
quand
54%
scooter
54%
vélo
54%
Avec
53%
chaînes
52%
chouette
52%
gèle
52%
morale
52%
ton
52%
cette
51%
futal.
51%
super
51%
drôle :
48%
Faut
48%
James
48%
rocker
48%
s'rai
47%
Dean
46%
fais
46%
grosse
46%
jeu
46%
arrêté
45%
blue
45%
même
45%
sans
45%
surgi
45%
Tu
45%
vais
45%
boul'vard
44%
fin
44%
Levi-
44%
mobylette
44%
réparais
44%
frime
43%
bête :
42%
pauvre
42%
poil
42%
pour
42%
bars
41%
ceinturon"
41%
chourav'rai
41%
derrière
41%
dévalise
41%
t'apprendre
41%
chanson
40%
chute
40%
Strauss
40%
traîner
40%
J'ai
39%
carrément
38%
craignos
38%
l'église
38%
rigolote.
38%
trouver
38%
avoir
36%
d'une
36%
l'imagination
36%
costard.
35%
l'épaule
35%
moins
35%
tapé
35%
trop
35%
trottoir
35%
arrêtes
34%
retrouves
34%
d'être
33%
long
32%
fringué
30%

Distribution des résultats

Percentile par nombre de réponses

% des personnes avec chaque résultat

Votre développement - résultats

Vous n’avez pas pris ce quiz